000 00613nam a2200217Ii 4500
001 18765
003 CO-ViMGA
008 241108s9999||||xx |||||||||||||| ||und||
020 _a9789681644970
040 _aCO-ViMGA
_bspa
_erda
_cCO-ViMGA
041 0 _aspa
084 _aC WAD1a
100 1 _aMartin. Waddell
_950408
245 1 0 _aAhí viene el malvado topo
264 1 _aMéxico : Fondo de Cultura Económica, 2007
300 _avolumen
336 _atext
_btxt
_2rdacontent
337 _aunmediated
_bn
_2rdamedia
338 _avolume
_bnc
_2rdacarrier
940 _aidficha_siabuc: 18424. -- ficha_no_siabuc:18765
999 _c45092
_d45092